01308nam a2200289 a 450000100100000000500170001000800410002702000150006804000250008308200170010810000310012524502390015626000380039530000210043349000150045453400810046965000550055065000490060570000470065470000320070170000450073373000770077883000220085504900090087795201150088699900170100100002303320200930021938.0101124s1994 mx r 000 | spa d a9686599622 aDO-SdBNPbspacBNPHU a338.9bP187e1 aPanayotou, Theodore94738910aEcología, medio ambiente y desarrollo :bdebate crecimiento versus conservación /cTheodore Panayotou; cuidado de edición por María Elsa López Paniagua; prólogo de Oscar Arias; traducción de Angel Carlos González Ruiz. aMéxico D. F. :bGernika,c1994. a217 p. ;c22 cm.1 aEcología aTítulo original :tGreen markets- the economics of sustainable development 4aPolítica ambientalxAspectos económicos947390 4xAspectos económicosaMedio ambiente9473911 aLópez Paniagua, María Elsaeed.9447161 aArias, Oscarepról9458121 aGonzález Ruiz, Angel Carlosetr.989690 aGreen markets-the economics of sustainable developmentlespañol947392 0aEcología947393 aBNGR 001050718MOaGRbGRcCTd2010-11-24iLF1l0o338.9 P187ep23033-10r2020-06-25w2020-06-25y1ZNo se presta c22530d22530